Random Countries by National Personifications - Statistics

General Stats
  • This quiz has been taken 36 times
  • The average score is 15 of 20
Answer Stats
Hint Answer % Correct
Mother Albania Albania
100%
Austria Austria
100%
La Belgique Belgium
100%
Mother Bulgaria Bulgaria
100%
Jade Emperor China | Taiwan
100%
Čechie Czechia
100%
Mother Denmark Denmark
100%
Maiden of Finland Finland
100%
Germania Germany
100%
Hungaria Hungary
100%
Italia turrita Italy
100%
Mother Montenegro Montenegro
100%
Dutch Maiden Netherlands
100%
Zealandia New Zealand
100%
Mother Norway Norway
100%
Polonia Poland
100%
Mother of All Serbs Serbia
100%
Hispania Spain
100%
Britannia United Kingdom
100%
Columbia United States
75%
Bangamata Bangladesh
67%
Marianne France
67%
Hibernia Ireland
67%
Mother Armenia Armenia
50%
Mother Motherland Russia
50%
Merlion Singapore
50%
Mother Svea Sweden
50%
Helvetia Switzerland
50%
Bharat Mara India
33%
Little Boy from Manly Australia
0%
Efígie da República Brazil
0%
Kartvlis Deda Georgia
0%
Ellada Greece
0%
Lady of the Mountain Iceland
0%
Ibu Pertiwi Indonesia
0%
Srulik Israel
0%
Melita Malta
0%
Zé Povinho Portugal
0%
Juan dela Cruz The Philippines
0%
No matching quizzes found
Score Distribution
Percent of People with Each Score
Percentile by Number Answered
Your Score History
You have not taken this quiz